000
00304nam a22001097a 4500
005
20250901165816.0
008
250328b |||||||| |||| 00| 0 eng d
020
_a
9780435124809
050
_a
PN 6014 .P38 1997
245
_a
The New Windmill Book of Stories from Around the World
_c
PATEL HILARY
942
_2
lcc
999
_c
9499
_d
9499